| 000 | 00429nam a22001217a 4500 | ||
|---|---|---|---|
| 082 | _a200 THE | ||
| 100 |
_aSyed Asim Raza _970115 |
||
| 245 | _aTH-SOF-1255-Analysis of Smart City Frameworks and implmentation prospects for Pakistan Syed Asim Raza Dr. Muhammad Tahir Nawaz | ||
| 260 |
_aIslamabad _bNUST College of EME _c2016 |
||
| 650 | _aMS-EM-8 MSTHESIS | ||
| 700 |
_aSupervisor Dr. Muhammad Tahir Nawaz _969856 |
||
| 942 | _cCF | ||
| 999 |
_c577150 _d577150 |
||